Quizzes
Events
Quiz Creation
Community
Videos
Private Events
Remove Ads
Sign In
Join for FREE
Feedback
Dark Mode
Quiz Categories
Sports
Geography
Music
Movies
Television
Just For Fun
Miscellaneous
History
Literature
Language
Science
Gaming
Entertainment
Religion
Holiday
For Kids
Quiz Lab
Recent
Popular Today
Quiz Kudos Today
Editor Picks
Curator Picks
Quizzes by...
Day
Popularity
Type
Ratings
Length
Year
Community
Subscriptions
Recent Discussions
Orange Saloon
Badges
Playlists
Quests
Create
Leaderboards
Showdown
Live 5
Trivia Bingo
Activity
Puzzle Library
Sporcle Events
Private Events
Virtual Trivia
Globe League
Become a Host
Pub Owners
SporcleCon
Opinionation
Our Games
Videos
Blog
Mobile Apps
Partnerships
Remove Ads and Go Orange
Feedback
Language
Vocabulary
Begins and Ends
Definition
Spanish
French
German
Italian
Chinese
Latin
Translation
Japanese
Language
Vocabulary
Begins and Ends
Definition
Spanish
French
German
Italian
Chinese
Latin
Translation
Japanese
Random Quiz
Search Sporcle
×
Quiz Lab
Quiz Lab
Language
Europe
Type in answers that appear in a list
Type in answers that appear in a list
Classic
Best Score? Go Orange.
Translation Quiz: European Countries in Spanish Stats
Can you translate the countries of Europe into Spanish?
By
emmaadams99
5m
47 Questions
104 Plays
104 Plays
104 Plays
Comments
Comments
Give Quiz Kudos
Give Quiz Kudos
-
- Ratings
hide this ad
Replay
Link that replays current quiz
Next Quiz
Link to next quiz in quiz playlist
You Got
0%
They Got
Avg Score
60%
Avg Friend Score
Upgrade to see
Score Distribution
Jump to the score distribution portion of the page
Score
0/47
Timer
05:00
0
Plays Today
English
Spanish
% Correct
Andorra
Andorra
87.5%
Albania
Albania
85.6%
Spain
España
85.6%
Austria
Austria
84.6%
Italy
Italia
82.7%
France
Francia
77.9%
Malta
Malta
76%
Portugal
Portugal
74%
Monaco
Mónaco
73.1%
Serbia
Serbia
72.1%
Bulgaria
Bulgaria
71.2%
Estonia
Estonia
71.2%
Germany
Alemania
70.2%
San Marino
San Marino
70.2%
Greece
Grecia
69.2%
Russia
Rusia
69.2%
Macedonia
Macedonia
67.3%
Kosovo
Kosovo
67.3%
Finland
Finlandia
65.4%
Montenegro
Montenegro
64.4%
Ireland
Irlanda
63.5%
Iceland
Islandia
61.5%
United Kingdom
Reino Unido
59.6%
Lithuania
Lituania
58.7%
English
Spanish
% Correct
Belgium
Bélgica
57.7%
Poland
Polonia
56.7%
Turkey
Turquía
56.7%
Bosnia and Herzegovina
Bosnia y Herzegovina
55.8%
Denmark
Dinamarca
55.8%
Liechtenstein
Liechtenstein
55.8%
Netherlands
Países Bajos
53.8%
Croatia
Croacia
52.9%
Sweden
Suecia
52.9%
Norway
Noruega
51.9%
Slovenia
Eslovenia
51.9%
Luxembourg
Luxemburgo
50%
Slovakia
Eslovaquia
50%
Romania
Rumania
49%
Hungary
Hungría
45.2%
Switzerland
Suiza
45.2%
Czech Republic
República Checa
44.2%
Vatican City
Ciudad del Vaticano
43.3%
Latvia
Letonia
42.3%
Moldova
Moldavia
42.3%
Ukraine
Ucrania
41.3%
Cyprus
Chipre
36.5%
Belarus
Bielorrusia
29.8%
Quiz Playlist
Details
Report
Send in Message
Add To Playlist
Classic:
Type in answers that appear in a list
Quiz Source
Last Updated: Feb 16, 2017
Quiz Scoreboard
CHALLENGE
Sign Up to Join the Scoreboard
Show All
Scores
Hide
Comments
May contain spoilers
Recently Published
An Introduction to Baseball
by treessimontrees
Sports
5m
Movies - When Are They Set?
by FPL_Elf
Movies
5m
Popular People in 1961
by mucciniale
History
6m
More to Explore
Quiz From the Vault
Featured Blog Post
Where Did the Easter Bunny Come From?
hide this ad
You Might Also Like...
Tags
Country Quiz
Europe Quiz
Spanish Quiz
Translation Quiz
Today's Top Quizzes in Language
Browse Language
hide this ad
Today's Top Quizzes in Europe
Browse Europe
Top Contributed Quizzes in Language
1
1-10 Letter F Words III
2
Order Up: Top 10 Most Native Spoken Languages
3
1-10 Letter G Words III
4
1-10 Letter H Words III
5
One Thing in Common: Italy
6
1-10 Letter I Words III
7
Weisst du, aus welchen Sprachen diese Wörter stammen?
8
1-10 Letter J Words III
9
Begins and Ends With AN
10
Celtic Nations in their Language
Explore More
Trending Topics
Anime
NBA
Disney
Crossword
Kpop
Marvel
Harry Potter
Puzzle
Pokémon
The Office
Soccer
Country
NFL
Song
WWE
hide this ad
More By:
emmaadams99
Quiz
Plays
Rating
Category
Featured
Created
BTS Songs A-Z
907
4.50
Music
Oct 19, 2020
Find the Countries of the World in Spanish
472
4.60
Geography
Jun 17, 2019
Countries of Europe (In French)
191
4.67
Geography
Oct 3, 2015
Countries of the World by Leader
137
5.00
Geography
May 31, 2018
Translation Quiz: European Countries in Spanish
104
4.38
Language
Mar 28, 2015
Go to Creator's Profile
Score Distribution
Quiz Creator Spotlight
emmaadams99
Follow
Send a Message
Quizzes Created
-
Created Quiz Play Count
-
More By This Creator
Popular Quizzes Today
1
Find the Countries of Europe - No Outlines Minefield
2
Find the US States - No Outlines Minefield
3
The Countries of the World
4
Popular People in 1961
5
Find the US States
6
US States
7
1-10 Letter E Words III
8
Risky Map Clicking: Biggest States A-Z
More Language Quizzes
20 Ways Not to Open Your 'Eyes'
Published
Trending Quizzes
Risky Map Clicking: Least Populous States A-Z
1-10 Letter F Words
1-10 Letter G Words
Not Quite an Element Typing Challenge
One Thing in Common: United Kingdom
Recently Updated
Leaping Animals
pecheneg
Reality TV Shows (A-Z)
bhenderson79
Rickey Henderson's Hall of Fame Teammates
pecheneg
Champions League XIs: Arsenal
pecheneg
Quick Pick: Celebrities in WWE's Hall of Fame
aduchscher
A-Z Keypad Blitz II
pecheneg
Multiple Oscar Actors
pecheneg
Mystery Phrase Blitz: Oscar 'Best Actors'
pecheneg
F. Scott Fitzgerald Novels
LTH
Pick 3 Villains
ddd62291
Trending Topics
Harry Potter
Crossword
Marvel
NBA
Anime
Disney
Kpop
Soccer
WWE
Puzzle
NFL
Song
Pokémon
Country
The Office
Your Account Isn't Verified!
In order to create a playlist on Sporcle, you need to verify the email address you used during registration. Go to your
Sporcle Settings
to finish the process.
Report this User
Report this user for behavior that violates our
Community Guidelines
.
Details:
Send Report
Go to the Sporcle.com Mobile Site →
Comments